POWERFUL GEOGRAPHY (Record no. 216663)
[ view plain ]
| 000 -LEADER | |
|---|---|
| fixed length control field | 00493nam a22001817a 4500 |
| 008 - FIXED-LENGTH DATA ELEMENTS--GENERAL INFORMATION | |
| fixed length control field | 260225b |||||||| |||| 00| 0 eng d |
| 020 ## - INTERNATIONAL STANDARD BOOK NUMBER | |
| International Standard Book Number | 978-178583511-7 |
| 050 ## - LIBRARY OF CONGRESS CALL NUMBER | |
| Classification number | G 73 E57 2021 |
| Item number | 1 |
| 100 ## - MAIN ENTRY--PERSONAL NAME | |
| Personal name | ENSER ,MARK |
| 245 ## - TITLE STATEMENT | |
| Title | POWERFUL GEOGRAPHY |
| 260 ## - PUBLICATION, DISTRIBUTION, ETC. | |
| Place of publication, distribution, etc. | BANCYFELIN , CAMARTHEN, WALES |
| Name of publisher, distributor, etc. | CROWN HOUSE |
| Date of publication, distribution, etc. | 2021 |
| 300 ## - PHYSICAL DESCRIPTION | |
| Extent | V 182P |
| 500 ## - GENERAL NOTE | |
| General note | INCLUIDES BIBLIOGRAPHY AND APENDIX |
| 650 ## - SUBJECT ADDED ENTRY | |
| Topical term or geographic name entry element | POWERFUL GEOGRAPHY |
| 700 ## - ADDED ENTRY--PERSONAL NAME | |
| Personal name | ENSER ,MARK |
| 942 ## - ADDED ENTRY ELEMENTS (KOHA) | |
| Source of classification or shelving scheme | Library of Congress Classification |
| Koha item type | Long Loan Book |
| Withdrawn status | Lost status | Source of classification or shelving scheme | Damaged status | Not for loan | Collection | Home library | Current library | Shelving location | Date acquired | Inventory number | Total checkouts | Full call number | Barcode | Date last seen | Copy number | Price effective from | Koha item type |
|---|---|---|---|---|---|---|---|---|---|---|---|---|---|---|---|---|---|
| Library of Congress Classification | Arts & Social Sciences | Kisii University Library | Kisii University Library | On Display | 02/25/2026 | 112161 | G 73 .E57 2021 | a001127 | 02/25/2026 | C.1 | 02/25/2026 | Long Loan Book | |||||
| Library of Congress Classification | Arts & Social Sciences | Kisii University Library | Kisii University Library | On Display | 02/25/2026 | 112162 | G 73 .E57 2021 | a001128 | 02/25/2026 | C.2 | 02/25/2026 | Long Loan Book | |||||
| Library of Congress Classification | Arts & Social Sciences | Kisii University Library | Kisii University Library | On Display | 02/25/2026 | 112163 | G 73 .E57 2021 | a001125 | 02/25/2026 | C.3 | 02/25/2026 | Long Loan Book | |||||
| Library of Congress Classification | Arts & Social Sciences | Kisii University Library | Kisii University Library | On Display | 02/25/2026 | 112164 | G 73 .E57 2021 | a001126 | 02/25/2026 | C.4 | 02/25/2026 | Long Loan Book | |||||
| Library of Congress Classification | Arts & Social Sciences | Kisii University Library | Kisii University Library | On Display | 02/25/2026 | 112165 | G 73 .E57 2021 | a001124 | 02/25/2026 | C.5 | 02/25/2026 | Long Loan Book |